Giáo trình xây dựng mặt đường ô tô
Giáo trình phục vụ cho việc đào tạo kỹ sư ngành "Xây dựng cầu đường", "đường ôtô và đường đô thị" và "đường ôtô sân bay". Giáo trình gồm có 2 tập. Cuốn Tập 1 này gồm có 4 chương: Chương 1: Cáu tạo kết cấu mạ...
保存先:
| 第一著者: | |
|---|---|
| フォーマット: | 図書 |
| 言語: | Undetermined |
| 出版事項: |
Hà Nội
Giáo dục
2006
|
| 主題: | |
| タグ: |
タグ追加
タグなし, このレコードへの初めてのタグを付けませんか!
|
| Thư viện lưu trữ: | Trung tâm Học liệu Trường Đại học Cần Thơ |
|---|
| LEADER | 01487nam a2200217Ia 4500 | ||
|---|---|---|---|
| 001 | CTU_136793 | ||
| 008 | 210402s9999 xx 000 0 und d | ||
| 020 | |c 21000 | ||
| 082 | |a 625.7 | ||
| 082 | |b H103/T.1 | ||
| 100 | |a Dương, Học Hải | ||
| 245 | 0 | |a Giáo trình xây dựng mặt đường ô tô | |
| 245 | 0 | |c Dương Học Hải | |
| 260 | |a Hà Nội | ||
| 260 | |b Giáo dục | ||
| 260 | |c 2006 | ||
| 520 | |a Giáo trình phục vụ cho việc đào tạo kỹ sư ngành "Xây dựng cầu đường", "đường ôtô và đường đô thị" và "đường ôtô sân bay". Giáo trình gồm có 2 tập. Cuốn Tập 1 này gồm có 4 chương: Chương 1: Cáu tạo kết cấu mặt đường và trình tự chung xây dựng mặt đường ôtô ; Chương 2: Công tác đầm nén, làm nhỏ đất và trộn vật liệu trong xây dựng mặt đường ; Chương 3: Các lớp đường bằng vật liệu hạt không sử dụng chất liên kết ; Chương 4: Các lớp áo đường bằng đất và vậy liệu hạt có gia cố các chất liên kết. | ||
| 650 | |a Roads,Đường giao thông | ||
| 650 | |x Design and construction,Thiết kế và xây dựng | ||
| 904 | |i Trọng Hiếu | ||
| 980 | |a Trung tâm Học liệu Trường Đại học Cần Thơ | ||